Shamelees #2 - Estadísticas

Estadísticas generales
  • Esta prueba ha sido intentada 13 veces
  • La puntuación promedio es 5 de 16
Estadísticas de respuestas
Imagen Respuesta % Correcto
Jody Silverman
71%
Tony Markovich
71%
Estefania
43%
Dominique Winslow (Carl's ex-girlfriend)
29%
Eddie Jackson
29%
Ford Kellogg
29%
Gus Pfender
29%
Kash
29%
Kermit
29%
Mike Pratt
29%
Sean Pierce
29%
Carol Fisher
14%
Margaret Gallager
14%
Terry Milkovich
14%
Jasmine Hollander
0%
Robbie Pratt
0%
No se encontraron pruebas coincidentes
Distribución de puntuación
Porcentaje de gente con cada puntuación
Porcentaje por número respondido
Historial de tus puntuaciones
No has intentado esta prueba.